000
00224nam a22001097a 4500
082
_a
658 GUI'D
245
_a
GUIDE TO MANAGEMENT METHODS
250
_a
2ND
260
_a
BRITINA
_b
RMCS
_c
1978
300
_a
22-20
942
_c
BK
999
_c
581214
_d
581214